000 00643nam a2200277Ia 4500
005 20260324140719.0
008 008 260324s9999 xx 000 0 eng d
020 _a9780203742785
037 _aEBOOK
040 _aCRL
040 _beng
040 _cCRL
041 _2eng
041 _aeng
084 _qCRL
100 _aNinaM.K. Lamba
_91205456
245 0 _aPolyurethanes in Biomedical Applications
260 _bTaylor and Francis
260 _c1998
365 _a
365 _b600
856 _uhttp://www.taylorfrancis.com/books/9780203742785
942 _cEBOOK
999 _c1807803
_d1807803